| 000 | 00578nam a2200145Ia 4500 | ||
|---|---|---|---|
| 008 | 140724s9999 xx 000 0 und d | ||
| 050 |
_aLB 1065 _b.C322 2010 |
||
| 100 | _aCartagena, Fer Carlo J. | ||
| 245 |
_aTelevision viewing and its significance on the study habits of the grade 3 and 4 SpEd student of children of ISAAC Learning Academy / _cFer Carlo J. Cartagena. |
||
| 260 |
_aLas PiƱas, Philippines : _bSouthville International School and Colleges, _cc2010. |
||
| 300 |
_a43 p. : _bcol. Ill. ; _c28 cm. |
||
| 521 | _aSpecial Education | ||
| 942 | _cTH | ||
| 999 |
_c228991 _d228991 |
||